LEADER 00998nam a2200241 i 4500 001 000000141550 003 CaOOAMICUS 005 20050721000000.0 008 050721s1969 it u000 u ita u 013 $a116183 040 $aSeMil$bita 100 1 $aBerger, Peter L.,$d<1929-2017>.$0(OLS)http://semarc/name/90559 240 12$aA rumor of angels :$bmodern society, and the rediscovery of the supernatural.$0(OLS)http://semarc/title/152651 245 13$aIl brusio degli angeli /$cPeter L. Berger. 260 $aBologna :$bIl Mulino,$ccopyr. 1969. 300 $a159 p. ;$c22 cm. 490 0 $aSaggi ;$v95 650 4$aReligione e società - Sec. 20.$0(OLS)http://semarc/subject/15795 830 0$aSaggi ;$v95.$0(OLS)http://semarc/title/341 850 $aSeMil 852 $aSeMil$W1$xVenegono$y1$m2R II 319$j94771$B94771$CSeMilBibl$Z2$F100754 $81 996 $6245$aIl brusio degli angeli$9(OLS)http://semarc/title/206837 996 $6260$aBologna :$bIl Mulino$9(OLS)http://semarc/publisher/29842 LEADER 01254nam a2200277 i 4500 001 000000061118 003 CaOOAMICUS 005 20260212173340.0 008 140610s1942 it u000 u ita u 013 $a32290 040 $aSeMil$bita 100 1 $aVagaggini, Cipriano,$c.$0(OLS)http://semarc/name/21148 245 10$aMaria nelle opere di Origene /$cD. Cipriano Vagaggini O. S. B. 260 $aRoma :$bPontificium Institutum Orientalium Studiorum,$cstampa 1942. 300 $a226 p. ;$c24 cm. 490 0 $aOrientalia Christiana Analecta ;$v131 500 $aContiene : Bibliografia. 600 04$aOrigene .$0(OLS)http://semarc/subject/169 650 04$aOrigene - Mariologia.$0(OLS)http://semarc/subject/59555 650 4$aMadonna - Meditazioni.$0(OLS)http://semarc/subject/920 830 0$aOrientalia Christiana Analecta ;$v131.$0(OLS)http://semarc/title/100 850 $aSeMil 852 $aSeMil$W1$xVenegono$y1$m2K IV 168$j27271$B27271$CSeMilBibl$Z2$F27274 $81 996 $6245$aMaria nelle opere di Origene$9(OLS)http://semarc/title/95955 996 $6260$aRoma :$bPontificium Institutum Orientalium Studiorum$9(OLS)http://semarc/publisher/29660